| 000 | 00765cab a2200301 4500 | ||
|---|---|---|---|
| 001 | ABS60546 | ||
| 008 | 090401t1999 xxu||||| |||| 00| 0 eng d | ||
| 035 | _a(Sirsi) u92803 | ||
| 041 | _aeng | ||
| 100 | _aOwen, S. | ||
| 245 | _aCar parking and new development | ||
| 260 | _c1999 | ||
| 350 | _a0 | ||
| 490 |
_aSolicitors` Journal _v143(14) 9 April 1999, 348(1) |
||
| 650 | _aCAR PARKING | ||
| 650 | _aCAR USE | ||
| 650 | _aGOVERNMENT POLICY | ||
| 650 | _aNEW DEVELOPMENT | ||
| 650 | _aPARKING REQUIREMENTS | ||
| 650 | _aPARKING STANDARDS | ||
| 650 | _aSOUTH-EAST | ||
| 650 | _aSUSTAINABLE DEVELOPMENT | ||
| 650 | _aUNIFORM STANDARDS | ||
| 690 | _aPLANNING LAW AND PRACTICE | ||
| 700 | _aPepperell, M. | ||
| 942 | _n0 | ||
| 948 | _c16/04/1999 | ||
| 999 |
_c58819 _d58819 |
||